Elaboración de la base de conocimientos actualizados para el desarrollo de proyectos de generación por energías limpias aislados o conectados a la red nacional de distribución de energía eléctrica
Kaydedildi:
| Yazar: | |
|---|---|
| Diğer Yazarlar: | , |
| Materyal Türü: | Kitap |
| Dil: | Spanish |
| Baskı/Yayın Bilgisi: |
[San José, Costa Rica]
2011
|
| Konular: | |
| Etiketler: |
Etiketle
Etiket eklenmemiş, İlk siz ekleyin!
|
MARC
| LEADER | 00000nam a22000007a 4500 | ||
|---|---|---|---|
| 003 | 010615 | ||
| 005 | 20221231143933.0 | ||
| 008 | 151112b2011 cr a|||| ||m| 00| ||spa d | ||
| 040 | |c cru CEDI | ||
| 090 | |a TFG 6447 | ||
| 100 | |9 2288 |a Víquez Bolaños, Nelson | ||
| 245 | |a Elaboración de la base de conocimientos actualizados para el desarrollo de proyectos de generación por energías limpias aislados o conectados a la red nacional de distribución de energía eléctrica | ||
| 260 | |a [San José, Costa Rica] |c 2011 | ||
| 500 | |a Seminario de graduación (licenciatura en ingeniería eléctrica)--Universidad de Costa Rica. Facultad de Ingeniería. Escuela de Ingeniería Eléctrica | ||
| 650 | |x RECURSOS ENERGETICOS RENOVABLES |x ENERGIA BIOMASICA |x ENERGIA GEOTERMICA |x SISTEMAS DE ENERGIA FOTOVOLTAICA |x CELULAS DE COMBUSTIBLE |x GENERACION DE ENERGIA |x DISTRIBUCION DE ENERGIA ELECTRICA |9 2291 | ||
| 700 | |9 2289 |a Cubero Alpízar, Carlos Reyes | ||
| 700 | |9 2290 |a Murillo González, Randall | ||
| 942 | |c TFG | ||
| 999 | |c 14503 |d 14503 | ||
